000 00284nam a2200109Ia 4500
008 190914s9999||||xx |||||||||||||| ||und||
100 _aSyed Agha Ijaz Hussain
245 0 _aInternational Banking Management
260 _aIslamabad
_bHassan Safeer
_c1980
300 _a349
942 _cBK
999 _c9793
_d9793